000 00592nam a2200133Ia 4500
008 220216s9999 xx 000 0 und d
100 _aMandal Debasis
245 0 _aInfluence of NPK fertilizers on growth of RRII 400 series clones of rubber (Hevea brasiliensis) and soil properties in Tripura during immature phase
260 _bIRC 2012. International Rubber Conference, 28-31 October 2012, Kovalam, India, Rubber Research Institute of India, Kottayam and IRRDB, Malaysia: Abstracts. pp.153-154
700 _aDatta Dhaskar
700 _aDey S K
700 _aPal Tapan Kumar
942 _cJS
999 _c61276
_d61276